00365nam a2200157Ia 45000010006000000050017000060080041000230410008000640820019000721000026000912450037001172600009001543000028001636500008001916540008001991371420260306164821.0260306t2007||||xx |||||||||||||| ||spa|| aESP a005.133C2bB84 aBronson, Gary J.eAUT 0aC++ para ingeniería y ciencias c2007 a826 páginas :c24 cm. aGEN aCCC